Pobby y Dingan.
Gorde:
| Egile nagusia: | |
|---|---|
| Formatua: | Liburua |
| Hizkuntza: | gaztelania |
| Argitaratua: |
Barcelona, España:
Planeta,
2000.
|
| Edizioa: | Primera edición. |
| Gaiak: | |
| Etiketak: |
Etiketa erantsi
Etiketarik gabe, Izan zaitez lehena erregistro honi etiketa jartzen!
|
MARC
| LEADER | 00000nam a22000007a 4500 | ||
|---|---|---|---|
| 003 | CL-VaPUC | ||
| 005 | 20250106160013.0 | ||
| 008 | 241216b2000 ||||| |||| 00| 0 spa d | ||
| 999 | |c 446337 |d 446335 | ||
| 020 | |a 84-08-02953-3 | ||
| 040 | |c Pontificia Universidad Católica de Valparaíso | ||
| 082 | |2 22 |a 823 RIC 2000 | ||
| 100 | |9 894900 |a Rice, Ben |e author | ||
| 245 | |a Pobby y Dingan. | ||
| 250 | |a Primera edición. | ||
| 260 | |a Barcelona, España: |b Planeta, |c 2000. | ||
| 300 | |a 124 páginas. | ||
| 500 | |a c.1: Donación P.I.I.E. 2-12-2024. | ||
| 583 | |c 20241216 |k Yessy Sthefany Diaz Vidal | ||
| 650 | 0 | |9 265220 |a Novelas inglesas |x Amigos imaginarios |x Literatura infantil y juvenil |y Siglo 21 | |
| 650 | 0 | |9 894850 |a English literature |x Imaginary friends |x Children's and young adult literature |y 21st century | |
| 942 | |2 ddc |c BK | ||
| 952 | |0 0 |1 0 |2 ddc |4 0 |6 823_000000000000000_RIC_2000 |7 0 |8 A |9 598708 |a BIBGIM |b BIBGIM |d 2024-12-16 |e Donación |i 5663629 |o 823 RIC 2000 |p 5663629 |r 2025-01-15 |t 1 |w 2024-12-16 |y BK |k ELE | ||